Statistics for South American Countries by Area

Click here to take the quiz!

General Stats

  • This quiz has been taken 61 times
  • The average score is 12 of 12

Answer Stats

Area (km2)Country% Correct
2,780,400Argentina
100%
1,098,581Bolivia
100%
8,515,799Brazil
100%
756,102Chile
100%
1,141,748Colombia
100%
1,285,216Peru
100%
214,969Guyana
98%
406,750Paraguay
98%
163,820Suriname
98%
181,034Uruguay
98%
916,445Venezuela
98%
276,841Ecuador
95%

Score Distribution

Percentile by Number Answered

Percent of People with Each Score

Your Score History

You have not taken this quiz